• 首页
  • 本馆介绍
  • 公告通知
  • 最新文献
  • 馆藏检索
  • 电子资源
  • 读者导购
  • 参考咨询
  • 我的图书馆
  • 登录
  • 详细信息显示
  • 放入我的书架
  • 预约/预借图书
  • 作者相关作品
  • 分类相关作品
  • 丛书相关作品
  • 出版社相关作品

书目信息

  • 表格格式
  • 工作单格式
  • 卡片格式
题名:
老年介护基本技术与家庭介护技巧
    
 
作者: 赛序波, 著
分册:  
出版信息: 北京   中国协和医科大学出版社  2017
页数: 308页
开本: 24cm
丛书名:
单 册:
中图分类: R473.59
科图分类:
主题词: 老年人--lao nian ren--护理--基本知识
电子资源:
ISBN: 978-7-5679-0760-7
000 01172nam0 2200253 450
001 012017000070
005 20180117153830.34
010    @a978-7-5679-0760-7@b@dCNY49.00
100    @a20170905d2017 em y0chiy0121 ea
101 0  @achi
102    @aCN@b110000
105    @aak z 000yy
106    @ar
200 1  @a老年介护基本技术与家庭介护技巧@Alao nian jie hu ji ben ji shu yu jia ting jie hu ji qiao@f赛序波著@g
210    @a北京@c中国协和医科大学出版社@d2017
215    @a308页@c图@d24cm
314    @a赛序波, 临床医学博士, 旅日华人, 1964年出生于黑龙江省。
330    @a本书共分十八章, 内容全面实用, 包括介护与家庭介护的概述、介护的基本技术、 摄食介护技术、排泄介护技术、身体活动技术等。本书的最大目的是: 将养老服务的主要环节, 分解为不同情形的操作技术; 介绍在居家介护中可以实际应用的技术和基本操作方法; 提供养老介护相关的各环节注意事项; 提供介绍养老技术, 帮助了解养老相关事项的全貌。本书的最大目标是, 通过大家努力, 促进我国养老服务技术的专业化进程。
606 0  @a老年人@Alao nian ren@x护理@x基本知识
690    @aR473.59@v5
701  0 @a赛序波,@Asai xu bo@f1964-@4著
801  0 @aCN@b湖北三新@c20170905@g
905    @aBZT@dR473.59@e3
906    @dCNY49.00@n5@r1
    
    老年介护基本技术与家庭介护技巧/赛序波著.-北京:中国协和医科大学出版社,2017
    308页:图;24cm
    
    
    ISBN 978-7-5679-0760-7:CNY49.00
    本书共分十八章, 内容全面实用, 包括介护与家庭介护的概述、介护的基本技术、 摄食介护技术、排泄介护技术、身体活动技术等。本书的最大目的是: 将养老服务的主要环节, 分解为不同情形的操作技术; 介绍在居家介护中可以实际应用的技术和基本操作方法; 提供养老介护相关的各环节注意事项; 提供介绍养老技术, 帮助了解养老相关事项的全貌。本书的最大目标是, 通过大家努力, 促进我国养老服务技术的专业化进程。
●
相关链接 在五车中查询图书 在当当中查询图书 在豆瓣中查询图书


正题名:老年介护基本技术与家庭介护技巧     索取号:R473.59/3         预约/预借

序号 登录号 条形码 馆藏地/架位号 状态 备注
1 841576   2000841576   第二书库/ [索取号:R473.59/3] 在馆    
2 841577   2000841577   第二书库/ [索取号:R473.59/3] 在馆    
3 841578   2000841578   第二书库/ [索取号:R473.59/3] 在馆    
山东省滨州职业学院图书馆 欢迎您!
大连网信软件有限公司© 版权所有